Govt. of
Madhya Pradesh

Personality Judgement (Record no. 42055)

MARC details
000 -LEADER
fixed length control field 003260000a22001570004500
003 - CONTROL NUMBER IDENTIFIER
control field MACL
040 ## - CATALOGING SOURCE
Original cataloging agency MACL
090 ## - LOCALLY ASSIGNED LC-TYPE CALL NUMBER (OCLC); LOCAL CALL NUMBER (RLIN)
-- 42503
-- 42501
100 ## - MAIN ENTRY--PERSONAL NAME
Personal name Wilfert, P
245 ## - TITLE STATEMENT
Title Personality Judgement
260 ## - PUBLICATION, DISTRIBUTION, ETC. (IMPRINT)
Name of publisher, distributor, etc. Pearl Books
Date of publication, distribution, etc. 2008
350 ## - PRICE (NR) (BK AM CF MU VM SE) [OBSOLETE]
Price 675
650 ## - SUBJECT ADDED ENTRY--TOPICAL TERM
Topical term or geographic name as entry element Education
942 ## - ADDED ENTRY ELEMENTS (KOHA)
Koha item type Library Membar
Call number prefix 370/WIL
951 ## - EQUIVALENCE OR CROSS-REFERENCE--GEOGRAPHIC NAME/AREA NAME [OBSOLETE] [CAN/MARC only]
-- 370/WIL BOOK

No items available.